000
00354nam a2200145Ia 4500
008
090124s9999 xx 000 0 und d
082
_b
203231
245
_a
इंद न मम
250
_a
1
260
_b
भागवत अनु
_c
1986
300
_a
127
630
_a
इंद न मम
730
_a
इंद न मम
942
_c
BOOK
999
_c
184812
_d
184812